[Event "POL-chT U20"]
[Site "Szczyrk"]
[Date "2017.07.30"]
[Round "9.2"]
[White "Gumularz, Szymon"]
[Black "Murawko, Julia"]
[Result "1-0"]
[WhiteElo "2391"]
[BlackElo "1807"]
[PlyCount "59"]
[EventDate "2017.07.22"]
[EventType "team-tourn"]
[EventRounds "9"]
[EventCountry "POL"]
[SourceTitle "EXT 2019"]
[Source "ChessBase"]
[SourceDate "2018.10.10"]
[SourceVersion "1"]
[SourceVersionDate "2018.10.10"]
[SourceQuality "1"]

1. e4 d5 2. exd5 Qxd5 3. Nf3 Nf6 4. d4 c6 5. c4 Qa5+ 6. Nc3 Bg4 7. Be2 e6 8. h3 Bh5 9. Qb3 Qb6 10. c5 Qxb3 11. axb3 Nbd7 12. b4 Be7 13. b5 0-0 14. bxc6 bxc6 15. Bf4 Nd5 16. Nxd5 exd5 17. Ba6 Bxf3 18. gxf3 Bf6 19. Ra4 Rae8+ 20. Kd2 Re6 21. Re1 Rxe1 22. Kxe1 Re8+ 23. Kd1 Nf8 24. Bb7 Ne6 25. Bxc6 Rd8 26. Be3 h6 27. Kd2 Rb8 28. Kc2 Rd8 29. Kd3 Rb8 30. b4 1-0

[Event "POL-chT U20 1st League"]
[Site "Suchedniow"]
[Date "2016.07.31"]
[Round "9.5"]
[White "Murawko, Julia"]
[Black "Kostecka, Marika"]
[Result "1-0"]
[WhiteElo "1792"]
[BlackElo "1693"]
[PlyCount "75"]
[EventDate "2016.07.23"]
[EventType "team-tourn"]
[EventRounds "9"]
[EventCountry "POL"]
[SourceTitle "EXT 2019"]
[Source "ChessBase"]
[SourceDate "2018.10.10"]
[SourceVersion "1"]
[SourceVersionDate "2018.10.10"]
[SourceQuality "1"]

1. d4 Nf6 2. Nf3 c5 3. c3 b6 4. Nbd2 Bb7 5. e3 d6 6. Bd3 Nbd7 7. e4 cxd4 8. cxd4 e5 9. 0-0 Be7 10. Re1 0-0 11. Nf1 Re8 12. d5 Rc8 13. Ng3 g6 14. h3 Nc5 15. Bb5 Nfd7 16. b4 Ba6 17. a4 Bxb5 18. axb5 Nb7 19. Rxa7 Qc7 20. Be3 Ra8 21. Ra6 Qc4 22. Qa1 Rxa6 23. Qxa6 Rb8 24. Rc1 Qxb4 25. Rc7 Ndc5 26. Qa7 Re8 27. Bxc5 Nxc5 28. Rxe7 Rxe7 29. Qxe7 Nd3 30. Qd8+ Kg7 31. Qxb6 Nb2 32. Qc7 Qxb5 33. Qxd6 Nc4 34. Qc7 Qb4 35. Nxe5 Nd6 36. Nf3 Nb5 37. Qb7 Qc5 38. e5 1-0

[Event "Panevezys op-B"]
[Site "Panevezys"]
[Date "2016.06.11"]
[Round "5"]
[White "Vasiliauskas, Domas"]
[Black "Murawko, Julia"]
[Result "0-1"]
[WhiteElo "1702"]
[BlackElo "1797"]
[PlyCount "84"]
[EventDate "2016.06.09"]
[EventType "swiss"]
[EventRounds "7"]
[EventCountry "LTU"]
[SourceTitle "CBM 172 Extra"]
[Source "ChessBase"]
[SourceDate "2016.06.21"]
[SourceVersion "1"]
[SourceVersionDate "2016.06.21"]
[SourceQuality "1"]

1. d4 d5 2. c4 e6 3. Nc3 Nf6 4. Bg5 Nbd7 5. cxd5 exd5 6. e3 c6 7. Nf3 Be7 8. Bd3 0-0 9. 0-0 Re8 10. Qc2 Nf8 11. h3 Ng6 12. Bxf6 Bxf6 13. b4 a6 14. a4 Qd6 15. Qb3 Be6 16. Rfc1 Rec8 17. Ne2 Qd7 18. Bxg6 hxg6 19. Ne5 Bxe5 20. dxe5 Qc7 21. Nd4 Qxe5 22. Nxe6 fxe6 23. Qc3 Qf5 24. Qd4 Rf8 25. Ra2 Rf7 26. Rb2 Raf8 27. b5 axb5 28. axb5 cxb5 29. Rc5 Ra8 30. Rcxb5 Ra1+ 31. Kh2 Rf1 32. f3 Qg5 33. f4 Qh4 34. Qd2 Rc7 35. g3 Qh5 36. Qe2 Rh1+ 37. Kxh1 Qxh3+ 38. Kg1 Qxg3+ 39. Kf1 Rc1+ 40. Qd1 Rxd1+ 41. Ke2 Qe1+ 42. Kf3 Qf1+ 0-1

[Event "Panevezys op-B"]
[Site "Panevezys"]
[Date "2016.06.10"]
[Round "2"]
[White "Murawko, Julia"]
[Black "Golsta, Madara"]
[Result "0-1"]
[WhiteElo "1797"]
[BlackElo "1516"]
[PlyCount "44"]
[EventDate "2016.06.09"]
[EventType "swiss"]
[EventRounds "7"]
[EventCountry "LTU"]
[SourceTitle "CBM 172 Extra"]
[Source "ChessBase"]
[SourceDate "2016.06.21"]
[SourceVersion "1"]
[SourceVersionDate "2016.06.21"]
[SourceQuality "1"]

1. e4 c5 2. Nf3 d6 3. d4 cxd4 4. Nxd4 Nf6 5. Nc3 g6 6. Be2 Bg7 7. Be3 Nc6 8. f3 0-0 9. Qd2 d5 10. Nxc6 bxc6 11. exd5 Nxd5 12. Nxd5 cxd5 13. c3 Qa5 14. 0-0 Rb8 15. Rfd1 Be6 16. Rdc1 Rfc8 17. Rc2 Rb7 18. Bd4 Bf5 19. b4 Rxb4 20. cxb4 Rxc2 21. Qxc2 Bxd4+ 22. Kf1 Bxc2 0-1

[Event "POL-ch U18 Girls"]
[Site "Szklarska Poreba"]
[Date "2016.03.19"]
[Round "8"]
[White "Murawko, Julia"]
[Black "Topolan, Agata"]
[Result "0-1"]
[WhiteElo "1758"]
[BlackElo "1889"]
[PlyCount "84"]
[EventDate "2016.03.13"]
[EventType "swiss"]
[EventRounds "9"]
[EventCountry "POL"]
[SourceTitle "EXT 2018"]
[Source "ChessBase"]
[SourceDate "2017.10.13"]
[SourceVersion "1"]
[SourceVersionDate "2017.10.13"]
[SourceQuality "1"]

1. e4 c5 2. Nf3 e6 3. d4 cxd4 4. Nxd4 Nf6 5. Bd3 Nc6 6. Be3 d5 7. exd5 Nxd5 8. Nxc6 bxc6 9. 0-0 Nxe3 10. fxe3 Bd6 11. Nd2 Qh4 12. Nf3 Qh6 13. Qd2 Bb7 14. Kh1 g5 15. e4 Bf4 16. Qf2 0-0 17. g3 Bc7 18. Qe3 f6 19. Kg2 Bb6 20. Qd2 Qg7 21. Rae1 Rad8 22. Qc3 h5 23. Qb3 Rfe8 24. Bc4 Qe7 25. Bd3 c5 26. c4 g4 27. Nh4 Rd4 28. Kg1 Red8 29. Re3 Qd6 30. Bc2 Rf8 31. Ng6 Rf7 32. Nf4 Qe5 33. Qc3 Rfd7 34. Ne2 h4 35. Qe1 Rxc4 36. Nc3 Rb4 37. Qe2 c4 38. Qxg4+ Kf8 39. Qf3 Bxe3+ 40. Qxe3 hxg3 41. Qh6+ Ke7 42. Qg7+ Kd8 0-1

[Event "POL-ch U18 Girls"]
[Site "Szklarska Poreba"]
[Date "2016.03.18"]
[Round "7"]
[White "Fraczek, Weronika"]
[Black "Murawko, Julia"]
[Result "0-1"]
[WhiteElo "1825"]
[BlackElo "1758"]
[PlyCount "88"]
[EventDate "2016.03.13"]
[EventType "swiss"]
[EventRounds "9"]
[EventCountry "POL"]
[SourceTitle "EXT 2018"]
[Source "ChessBase"]
[SourceDate "2017.10.13"]
[SourceVersion "1"]
[SourceVersionDate "2017.10.13"]
[SourceQuality "1"]

1. d4 Nf6 2. c4 e6 3. Nc3 d5 4. Bg5 Nbd7 5. e3 c6 6. cxd5 exd5 7. Bd3 Be7 8. Qc2 Nf8 9. Nf3 Ng6 10. h3 0-0 11. 0-0-0 Re8 12. Kb1 b5 13. Nd2 a5 14. h4 a4 15. h5 Nf8 16. h6 g6 17. Bxf6 Bxf6 18. Ne2 Bd7 19. e4 Qb6 20. e5 Be7 21. f4 b4 22. b3 c5 23. dxc5 Bxc5 24. Qb2 Ne6 25. Bc2 Bb5 26. f5 Bxe2 27. fxe6 Rxe6 28. Nf3 Bxd1 29. Bxd1 a3 30. Qd2 Rd8 31. Bc2 Be3 32. Qd3 Rc6 33. g4 Rc3 34. Qd1 Rdc8 35. Rh2 d4 36. Ne1 d3 37. Nxd3 Rd8 38. e6 Qxe6 39. Re2 Qb6 40. Qh1 Qd4 41. Qd1 Rxd3 42. Bxd3 Qxd3+ 43. Qxd3 Rxd3 44. Rh2 Rd2 0-1

[Event "POL-ch U18 Girls"]
[Site "Szklarska Poreba"]
[Date "2016.03.16"]
[Round "5"]
[White "Wierzbowska, Aleksandra"]
[Black "Murawko, Julia"]
[Result "0-1"]
[WhiteElo "1685"]
[BlackElo "1758"]
[PlyCount "120"]
[EventDate "2016.03.13"]
[EventType "swiss"]
[EventRounds "9"]
[EventCountry "POL"]
[SourceTitle "EXT 2018"]
[Source "ChessBase"]
[SourceDate "2017.10.13"]
[SourceVersion "1"]
[SourceVersionDate "2017.10.13"]
[SourceQuality "1"]

1. d4 d5 2. c4 e6 3. Nc3 c6 4. Bf4 Nf6 5. e3 Nbd7 6. a3 Be7 7. Nf3 0-0 8. c5 b6 9. b4 bxc5 10. bxc5 Qa5 11. Qd2 Ba6 12. Nxd5 Qxd2+ 13. Nxd2 Nxd5 14. Bxa6 Nxf4 15. exf4 Rab8 16. Ke2 Bf6 17. Ke3 Rfd8 18. Rac1 Rb2 19. Rhd1 Nb8 20. Bd3 Bxd4+ 21. Kf3 Bxc5 22. Ne4 Be7 23. Rc3 h6 24. g4 Rd5 25. g5 hxg5 26. fxg5 Nd7 27. Ke3 Ne5 28. h4 Nxd3 29. Rdxd3 Rb6 30. f4 Ra6 31. Rb3 Rxd3+ 32. Kxd3 Rxa3 33. Rxa3 Bxa3 34. Kc4 Kh7 35. h5 Bc1 36. Kc5 Bxf4 37. Kxc6 Be3 38. Kb5 Bd4 39. Kc4 Be5 40. Nc5 Bf4 41. Ne4 Kg8 42. Kb5 Kf8 43. Kc5 Ke7 44. Kc6 Be3 45. Kb5 e5 46. Ka5 Ke6 47. Ka6 f6 48. h6 gxh6 49. g6 f5 50. g7 Kf7 51. Nd6+ Kg8 52. Nxf5 Bf4 53. Kb5 Bg5 54. Kc5 h5 55. Kd5 Bf6 56. Ng3 h4 57. Nh5 Bxg7 58. Ke4 Kf7 59. Kf3 Kg6 60. Kg4 Bf6 0-1

[Event "POL-ch U16 Girls"]
[Site "Karpacz"]
[Date "2015.??.??"]
[Round "5"]
[White "Murawko, Julia"]
[Black "Jurkiewicz, Zuzanna"]
[Result "1-0"]
[WhiteElo "1694"]
[BlackElo "1438"]
[PlyCount "53"]
[EventDate "2015.03.??"]
[EventType "swiss"]
[EventRounds "9"]
[EventCountry "POL"]
[SourceTitle "EXT 2017"]
[Source "ChessBase"]
[SourceDate "2016.10.25"]
[SourceVersion "1"]
[SourceVersionDate "2016.10.25"]
[SourceQuality "1"]

1. e4 d6 2. d4 Nf6 3. Nc3 g6 4. f3 Bg7 5. Be3 0-0 6. Qd2 Nbd7 7. g4 c5 8. Nge2 e5 9. d5 Nb6 10. Ng3 Bxg4 11. fxg4 Nxg4 12. 0-0-0 a6 13. Kb1 Nxe3 14. Qxe3 Qd7 15. h4 Rad8 16. h5 Qe7 17. hxg6 fxg6 18. Be2 Rf4 19. Rdg1 Rdf8 20. Rg2 Qg5 21. Qg1 Qe7 22. Qh2 Bh8 23. Nf5 R8xf5 24. exf5 Rxf5 25. Rxg6+ Kf8 26. Rhg1 Rf7 27. Bh5 1-0

[Event "Rewal op-B 18th"]
[Site "Rewal"]
[Date "2013.08.27"]
[Round "7"]
[White "Patola, Eero"]
[Black "Murawko, Julia"]
[Result "0-1"]
[WhiteElo "1947"]
[BlackElo "1687"]
[PlyCount "58"]
[EventDate "2013.08.20"]
[EventType "swiss"]
[EventRounds "9"]
[EventCountry "POL"]
[SourceTitle "CBM 156 Extra"]
[Source "ChessBase"]
[SourceDate "2013.10.22"]
[SourceVersion "1"]
[SourceVersionDate "2013.10.22"]
[SourceQuality "1"]

1. e4 d5 2. exd5 Qxd5 3. Nc3 Qa5 4. d4 c6 5. Bc4 Nf6 6. Bd2 Qc7 7. Nge2 Bf5 8. Bf4 Qb6 9. Bb3 e6 10. Ng3 Bg6 11. 0-0 Be7 12. Re1 0-0 13. Qe2 Qxd4 14. Be3 Qd8 15. Rad1 Qc7 16. Bd4 Nbd7 17. Bxe6 fxe6 18. Qxe6+ Rf7 19. Nce4 Nxe4 20. Nxe4 Bxe4 21. Rxe4 Nf6 22. Re3 Qc8 23. Qb3 Nd5 24. Rh3 Bf6 25. c4 Nf4 26. Rf3 Ne2+ 27. Kf1 Nxd4 28. Rxd4 Bxd4 29. c5 Bf6 0-1

[Event "Rewal op-B 18th"]
[Site "Rewal"]
[Date "2013.08.24"]
[Round "5"]
[White "Skomial, Mateusz"]
[Black "Murawko, Julia"]
[Result "1-0"]
[WhiteElo "2014"]
[BlackElo "1687"]
[PlyCount "77"]
[EventDate "2013.08.20"]
[EventType "swiss"]
[EventRounds "9"]
[EventCountry "POL"]
[SourceTitle "CBM 156 Extra"]
[Source "ChessBase"]
[SourceDate "2013.10.22"]
[SourceVersion "1"]
[SourceVersionDate "2013.10.22"]
[SourceQuality "1"]

1. e4 c5 2. Nf3 e6 3. c4 d6 4. Nc3 a6 5. d4 cxd4 6. Nxd4 Nf6 7. Be2 Be7 8. 0-0 0-0 9. Be3 Nbd7 10. f4 Qc7 11. Rc1 b6 12. b3 Bb7 13. Bf3 Nc5 14. Qc2 Rac8 15. g4 Qb8 16. g5 Ne8 17. h4 g6 18. h5 e5 19. Nde2 Ng7 20. Nd5 Bxd5 21. exd5 Nf5 22. Qd2 Rfe8 23. Bxc5 Rxc5 24. Bg4 e4 25. Bxf5 gxf5 26. Ng3 Qc8 27. Qd4 h6 28. gxh6 f6 29. Kf2 Kh7 30. Rg1 Kxh6 31. Qe3 b5 32. Nxe4 fxe4 33. Qxe4 f5 34. Qg2 Rg8 35. Qxg8 Qxg8 36. Rxg8 bxc4 37. bxc4 Ra5 38. Rc2 Ra3 39. Re2 1-0

[Event "Rewal op-B 18th"]
[Site "Rewal"]
[Date "2013.08.23"]
[Round "4"]
[White "Murawko, Julia"]
[Black "Murawko, Katarzyna"]
[Result "1/2-1/2"]
[WhiteElo "1687"]
[BlackElo "1904"]
[PlyCount "68"]
[EventDate "2013.08.20"]
[EventType "swiss"]
[EventRounds "9"]
[EventCountry "POL"]
[SourceTitle "CBM 156 Extra"]
[Source "ChessBase"]
[SourceDate "2013.10.22"]
[SourceVersion "1"]
[SourceVersionDate "2013.10.22"]
[SourceQuality "1"]

1. d4 d5 2. e3 g6 3. Bd3 Bg7 4. Nd2 Nf6 5. Ngf3 0-0 6. 0-0 Nbd7 7. c3 c6 8. Qe2 Qc7 9. h3 e5 10. dxe5 Nxe5 11. Nxe5 Qxe5 12. Nf3 Qe7 13. Rd1 Ne4 14. c4 dxc4 15. Bxc4 Be6 16. Bxe6 Qxe6 17. Nd4 Qe7 18. Rb1 Rad8 19. Nf3 Rxd1+ 20. Qxd1 Qd6 21. Qxd6 Nxd6 22. Bd2 Rd8 23. Bb4 b6 24. Bxd6 Rxd6 25. Kf1 Kf8 26. Ke2 Ke7 27. b3 h6 28. Rc1 Kd7 29. Nd2 Kc7 30. Rc2 Rd7 31. Rc1 Rd6 32. Rc2 Rd7 33. Rc1 Rd6 34. Rc2 Rd7 1/2-1/2

[Event "Rewal op-B 18th"]
[Site "Rewal"]
[Date "2013.08.20"]
[Round "1"]
[White "Auvinen, Esa"]
[Black "Murawko, Julia"]
[Result "0-1"]
[WhiteElo "1956"]
[BlackElo "1687"]
[PlyCount "60"]
[EventDate "2013.08.20"]
[EventType "swiss"]
[EventRounds "9"]
[EventCountry "POL"]
[SourceTitle "CBM 156 Extra"]
[Source "ChessBase"]
[SourceDate "2013.10.22"]
[SourceVersion "1"]
[SourceVersionDate "2013.10.22"]
[SourceQuality "1"]

1. e4 d5 2. exd5 Qxd5 3. Nf3 Nf6 4. Nc3 Qa5 5. Be2 Bf5 6. 0-0 e6 7. d3 c6 8. Nd4 Bg6 9. Bf4 Nbd7 10. Nb3 Qb6 11. Bf3 Be7 12. Bg3 a5 13. Rb1 0-0 14. Nd2 Qd8 15. Re1 Rc8 16. a4 Nc5 17. b3 Bd6 18. Bxd6 Qxd6 19. Nc4 Qc7 20. Ne5 Rfd8 21. Nxg6 hxg6 22. Ne2 Nd5 23. c3 e5 24. Qc2 Ne6 25. b4 axb4 26. cxb4 Nf6 27. Nf4 Nxf4 28. Re3 Rd6 29. Rb3 Ne6 30. Qc5 Nxc5 0-1

[Event "Suwalki Pacstwowej Cup"]
[Site "Suwalki"]
[Date "2013.07.??"]
[Round "3.3"]
[White "Murawko, Julia"]
[Black "Szulc, Filip"]
[Result "1/2-1/2"]
[WhiteElo "1645"]
[BlackElo "1638"]
[PlyCount "72"]
[EventDate "2013.07.14"]
[EventType "swiss"]
[EventRounds "9"]
[EventCountry "POL"]
[SourceTitle "EXT 2023"]
[Source "ChessBase"]
[SourceDate "2022.10.05"]
[SourceVersion "1"]
[SourceVersionDate "2022.10.05"]
[SourceQuality "1"]

1. e4 c5 2. Nf3 e6 3. d4 cxd4 4. Nxd4 Nc6 5. Nxc6 bxc6 6. c4 e5 7. Bd3 Bc5 8. Nd2 d6 9. 0-0 Nf6 10. h3 Be6 11. Nf3 h6 12. Qe2 0-0 13. Be3 Bxe3 14. Qxe3 c5 15. Rfd1 Qe7 16. Be2 Rfd8 17. b3 Nd7 18. Qd3 Nf8 19. Nh2 Bc8 20. Bg4 Bxg4 21. Nxg4 Ne6 22. g3 Nd4 23. Kg2 a5 24. Ne3 Rdb8 25. Nd5 Qd7 26. Nc3 Kf8 27. Rd2 Ra6 28. Re1 Qe6 29. Red1 Kg8 30. Re1 Qg6 31. Nd5 Kh8 32. Nc3 Ne6 33. Qf3 Nd4 34. Qd3 Ne6 35. Qf3 Nd4 36. Qd3 Ne6 1/2-1/2

[Event "Suwalki Pacstwowej Cup"]
[Site "Suwalki"]
[Date "2013.07.??"]
[Round "2.3"]
[White "Parol, Pawel"]
[Black "Murawko, Julia"]
[Result "1/2-1/2"]
[WhiteElo "1995"]
[BlackElo "1645"]
[PlyCount "89"]
[EventDate "2013.07.14"]
[EventType "swiss"]
[EventRounds "9"]
[EventCountry "POL"]
[SourceTitle "EXT 2023"]
[Source "ChessBase"]
[SourceDate "2022.10.05"]
[SourceVersion "1"]
[SourceVersionDate "2022.10.05"]
[SourceQuality "1"]

1. e4 c5 2. Nf3 e6 3. d4 cxd4 4. Nxd4 a6 5. c4 Qc7 6. Nc3 Nf6 7. Be3 Be7 8. Be2 d6 9. 0-0 0-0 10. Qd2 Nbd7 11. Rfc1 b6 12. Rab1 Bb7 13. f3 Rac8 14. Bf1 Rfd8 15. Qf2 Qb8 16. b4 Re8 17. Nb3 Bd8 18. a4 Bc7 19. g3 Qa8 20. c5 bxc5 21. bxc5 dxc5 22. Nxc5 Nxc5 23. Bxc5 Nd7 24. Be3 Ba5 25. Nd1 Rxc1 26. Rxc1 Rc8 27. Rxc8+ Qxc8 28. Nb2 Qc6 29. Be2 Nb6 30. Bd1 Nc4 31. Nxc4 Qxc4 32. Qb2 Qd3 33. Qe2 Qxe2 34. Bxe2 Bc6 35. Bd1 Kf8 36. Bc5+ Ke8 37. Kf2 Kd7 38. Ke3 Kc7 39. Bf8 g6 40. Kd4 Bd7 41. Kc5 Bb6+ 42. Kb4 h5 43. g4 Be3 44. h3 f5 45. exf5 1/2-1/2

[Event "POL Olympiad U14"]
[Site "Walbrzych"]
[Date "2013.??.??"]
[Round "8.3"]
[White "Murawko, Julia"]
[Black "Kubicka, Anna"]
[Result "0-1"]
[WhiteElo "1651"]
[BlackElo "1686"]
[PlyCount "120"]
[EventDate "2013.04.??"]
[EventType "team-swiss"]
[EventRounds "9"]
[EventCountry "POL"]
[SourceTitle "EXT 2014"]
[Source "ChessBase"]
[SourceDate "2013.11.20"]
[SourceVersion "1"]
[SourceVersionDate "2013.11.20"]
[SourceQuality "1"]

1. e4 d6 2. d4 Nf6 3. Nc3 e5 4. Nf3 Nbd7 5. Be2 Be7 6. 0-0 0-0 7. h3 c6 8. a4 a5 9. Be3 Qc7 10. Bd3 exd4 11. Nxd4 Nc5 12. f4 Nxd3 13. cxd3 Rb8 14. Qf3 Bd7 15. Rac1 c5 16. Ndb5 Qd8 17. d4 Bxb5 18. Nxb5 d5 19. exd5 Qxd5 20. dxc5 Qb3 21. Nd4 Qxb2 22. Nf5 Bd8 23. Bd4 Qa2 24. Qg3 g6 25. Qg5 Qe6 26. Nh6+ Kg7 27. Rfe1 Qc6 28. Ng4 h5 29. Qh6+ Kg8 30. Ne5 Qxa4 31. Rcd1 Re8 32. Kh1 Re7 33. Nxg6 fxg6 34. Be5 Ra8 35. Rd6 Rh7 36. Qg5 Qe8 37. Bc3 Re7 38. Red1 Re6 39. Rxe6 Qxe6 40. Rd6 Qf5 41. Bxf6 Bxf6 42. Rxf6 Qxg5 43. fxg5 Kg7 44. Rb6 Ra7 45. c6 bxc6 46. Rxc6 a4 47. Kg1 a3 48. Rc1 a2 49. Ra1 Kf7 50. Kf1 Ke6 51. Ke2 Ra3 52. Ke1 Kf5 53. Kf2 Kxg5 54. Kg1 Kf4 55. Kf2 Ke4 56. Ke2 Kd4 57. Kd1 Kc3 58. Kc1 Kb3 59. g3 Ra5 60. g4 hxg4 0-1

[Event "Suwalki op"]
[Site "Suwalki"]
[Date "2012.12.29"]
[Round "5"]
[White "Poswiatowski, Michal"]
[Black "Murawko, Julia"]
[Result "1-0"]
[WhiteElo "2029"]
[BlackElo "1613"]
[PlyCount "85"]
[EventDate "2012.12.27"]
[EventType "swiss"]
[EventRounds "7"]
[EventCountry "POL"]
[SourceTitle "CBM 152 Extra"]
[Source "ChessBase"]
[SourceDate "2013.02.25"]
[SourceVersion "1"]
[SourceVersionDate "2013.02.25"]
[SourceQuality "1"]

1. e4 d5 2. exd5 Qxd5 3. Nc3 Qa5 4. d4 c6 5. g3 Bf5 6. Bg2 Nf6 7. Bd2 Qd8 8. Nf3 e6 9. 0-0 Bd6 10. Nh4 Bg6 11. Nxg6 hxg6 12. Bg5 Nbd7 13. Re1 0-0 14. Qf3 Qb6 15. Qd3 Rac8 16. a4 a5 17. Rab1 Bb4 18. Red1 Nd5 19. Ne4 c5 20. c4 N5f6 21. d5 exd5 22. Nxf6+ Nxf6 23. Bxd5 Nxd5 24. Qxd5 Qc6 25. Qxc6 Rxc6 26. Rd7 b6 27. Rbd1 Re6 28. Be3 Rfe8 29. Rb7 Rf6 30. Rdd7 Be1 31. h4 Rxe3 32. Rb8+ Kh7 33. fxe3 Bxg3 34. Rf8 Bxh4 35. Rfxf7 Bf2+ 36. Kg2 Rxf7 37. Rxf7 Bxe3 38. Rb7 Bd2 39. Kf3 Kh6 40. Kg4 Bb4 41. Rxb6 Bd2 42. Rb5 Bb4 43. Rxb4 1-0

[Event "Rewal op-B 17th"]
[Site "Rewal"]
[Date "2012.08.??"]
[Round "9"]
[White "Strek, Jaroslaw"]
[Black "Murawko, Julia"]
[Result "0-1"]
[WhiteElo "1493"]
[BlackElo "1607"]
[PlyCount "104"]
[EventDate "2012.08.20"]
[EventType "swiss"]
[EventRounds "9"]
[EventCountry "POL"]
[SourceTitle "EXT 2014"]
[Source "ChessBase"]
[SourceDate "2013.11.20"]
[SourceVersion "1"]
[SourceVersionDate "2013.11.20"]
[SourceQuality "1"]

1. d4 d5 2. c4 e6 3. Nf3 Nf6 4. a3 Nbd7 5. Nc3 c6 6. e3 Bd6 7. c5 Bc7 8. Bd3 e5 9. Bf5 e4 10. Nd2 Nxc5 11. Bxe4 Ncxe4 12. Ncxe4 Nxe4 13. Nxe4 dxe4 14. Qc2 Qd5 15. b4 0-0 16. a4 Re8 17. Bd2 a6 18. Ra3 Qg5 19. g3 Bg4 20. Rc3 Bd6 21. Rb3 Bf3 22. Rg1 Qh5 23. h4 Qf5 24. Bc3 Qh3 25. Rf1 Bg2 26. Qe2 Bxf1 27. Qxf1 Qxf1+ 28. Kxf1 Re6 29. a5 Bc7 30. Kg2 b6 31. Bd2 bxa5 32. bxa5 Rb8 33. Rxb8+ Bxb8 34. Bb4 Bc7 35. g4 Re8 36. Kh3 Rb8 37. Bc5 Bxa5 38. Kg3 Be1 39. Kf4 Bxf2 40. Kxe4 Re8+ 41. Kd3 Rxe3+ 42. Kc4 Re4 43. Kd3 Rxg4 44. d5 Bxc5 45. dxc6 Bd6 46. Kc3 a5 47. Kd3 Rb4 48. Kc3 a4 49. c7 Rb3+ 50. Kc2 Bxc7 51. Kd1 a3 52. Kc2 Rb7 0-1